000 00488nam a2200169Ia 4500
003 GCL
008 140319s9999 xx 000 0 ara d
040 _aGCL /
_cGCL
082 0 4 _aد
_b050
100 1 _aعبدالعزيز جادو
245 1 0 _aقوانا الكامنة وكيف نستغلها ( اقرا 494 ) /
_cعبدالعزيز جادو
300 _a114 ص
490 _aوثائق ونصوص
_v0
650 0 4 _aعلم النفس
650 0 4 _aالشخصية
942 _2ddc
_cCF
999 _c27336
_d27336